000 01606cam a22004337a 4500
001 000090902
003 CHAP
005 20220329142746.0
008 030612s2003 mx r 00010 spa d
010 _a87371
011 _a88343
035 _a98888
040 _cCHAP
090 _aTesis
100 0 0 _aSánchez Castillo, Sergio.
_9107409
245 1 0 _aEvaluación de cinco variedades de nopal como hospederos de grana (Dactylopius coccus Costa) en Chapingo, México /
_c/por Sergio Sánchez Castillo.
260 _aChapingo, Méx. :
_bEl autor,
_c2003.
300 _a51 h. :
_bilus.
502 _aTesis (Ing. Agr. Esp. en Parasitología Agrícola) -- UACH. Departamento de Parasitología Agrícola
530 _aTambién disponible en línea
590 _aALEPH
_b10
_c20130110
_lUCH01
_h1454
590 _aBATCH-UPD
_b10
_c20130110
_lUCH01
_h1014
590 _aBATCH-UPD
_b10
_c20130410
_lUCH01
_h0621
590 _aBATCH-UPD
_b10
_c20130914
_lUCH01
_h0954
590 _aBATCH-UPD
_b10
_c20140324
_lUCH01
_h1439
590 _aBATCH-UPD
_b10
_c20141002
_lUCH01
_h0818
590 _aCONVERSION
_b10
_c20130109
_lUCH01
_h1348
590 _aE12093SGE
_b10
_c20130702
_lUCH01
_h1433
650 1 4 _aCochinilla del nopal.
_924209
650 1 4 _aNopal
_xVariedades.
_981703
650 1 4 _aNopal
_zMéxico (Edo.).
_981709
856 _2Finding aid
_uhttp://10.13.5.2/tesis/98888.pdf
_zTeclea aqui
901 _aBK
905 _aAlejandra Carrasco M.
942 _cFOLL
942 _n0
949 _aTesis
_bBC
_cTES
_d33724000895041
_eTS2
_fc.2
_h41057
_i98888
_si
949 _aTesis
_bBC
_cTES
_d988881
_eTS1
_h41056
_i98888
_sb
999 _c87371
_d87371